Case studies in Marketing (Record no. 2009)

MARC details
000 -LEADER
fixed length control field 00389nam a22001697a 4500
005 - DATE AND TIME OF LATEST TRANSACTION
control field 20160528095158.0
008 - FIXED-LENGTH DATA ELEMENTS--GENERAL INFORMATION
fixed length control field 160528b xxu||||| |||| 00| 0 eng d
020 ## - INTERNATIONAL STANDARD BOOK NUMBER
ISBN 81-203-2183-9
041 ## - LANGUAGE CODE
Language code of text/sound track or separate title eng
082 ## - DEWEY DECIMAL CLASSIFICATION NUMBER
Item number 5623
100 ## - MAIN ENTRY--AUTHOR NAME
Personal name Srinivasan, R.
245 ## - TITLE STATEMENT
Title Case studies in Marketing
260 ## - PUBLICATION, DISTRIBUTION, ETC. (IMPRINT)
Place of publication New Delhi
Name of publisher PHI,
300 ## - PHYSICAL DESCRIPTION
Number of Pages 266
650 ## - SUBJECT ADDED ENTRY--TOPICAL TERM
Topical Term Management
942 ## - ADDED ENTRY ELEMENTS (KOHA)
Koha item type Books
Holdings
Lost status Damaged status Collection code Home library Current library Shelving location Date acquired Cost, normal purchase price Full call number Accession Number Koha item type
    MANAGEMENT JRU Library   SHELF- 66 G 28/05/2016 175.00 5623 5623 Books
    MANAGEMENT JRU Library JRU Library SHELF- 66 G 28/05/2016 175.00 5623 5624 Books
    MANAGEMENT JRU Library JRU Library SHELF- 66 G 28/05/2016 175.00 5623 5625 Books
      JRU Library   SHELF- 66 G 28/05/2016 150.00 5623 5626 Books
    MANAGEMENT JRU Library JRU Library SHELF- 66 G 28/05/2016 150.00 5623 5627 Books
    MANAGEMENT JRU Library JRU Library SHELF- 66 G 28/05/2016 150.00 5623 5628 Books
    MANAGEMENT JRU Library JRU Library SHELF- 66 G 28/05/2016 150.00 5623 5629 Books